Detalles MARC
| 000 -CABECERA |
| campo de control de longitud fija |
00940nam a2200217 a 4500 |
| 001 - NÚMERO DE CONTROL |
| campo de control |
000042266 |
| 005 - FECHA Y HORA DE LA ÚLTIMA TRANSACCIÓN |
| campo de control |
20201002040036.0 |
| 008 - DATOS DE LONGITUD FIJA--INFORMACIÓN GENERAL |
| campo de control de longitud fija |
131121s1988 sp r 000 0 spa d |
| 020 ## - NÚMERO INTERNACIONAL ESTÁNDAR DEL LIBRO |
| Número Internacional Estándar del Libro |
847635035X |
| 040 ## - FUENTE DE LA CATALOGACIÓN |
| Centro catalogador/agencia de origen |
DO-SdBNP |
| Lengua de catalogación |
spa |
| Centro/agencia transcriptor |
BNPHU |
| 082 ## - NÚMERO DE LA CLASIFICACIÓN DECIMAL DEWEY |
| Número de clasificación |
xxxx |
| Número de documento/Ítem |
C749s |
| 111 1# - ENTRADA PRINCIPAL--NOMBRE DE CONGRESO/REUNIÓN |
| Nombre de congreso/reunión o jurisdicción como elemento de entrada |
Congreso Internacional de Historia de la Lengua Española |
| Número del congreso/reunión o número de parte o sección |
(1 : |
| Fecha del congreso/reunión |
1987 : 30 marzo al 4 de abril |
| Sede del congreso/Lugar de la reunión |
Cáceres, España) |
| 9 (RLIN) |
69297 |
| 245 10 - MENCIÓN DE TÍTULO |
| Título |
Actas del I Congreso Internacional de Historia de la Lengua Española : |
| Resto del título |
Cáceres, 30 de marzo-4 de abril de 1987 / |
| Mención de responsabilidad, etc. |
editores M. Ariza A. y Salvador A. Viudas ; prólogo Juan Carlos Rodríguez Ibarra. |
| 260 ## - PUBLICACIÓN, DISTRIBUCIÓN, ETC. |
| Lugar de publicación, distribución, etc. |
Madrid : |
| Nombre del editor, distribuidor, etc. |
Arco Libros, |
| Fecha de publicación, distribución, etc. |
1988. |
| 300 ## - DESCRIPCIÓN FÍSICA |
| Extensión |
v. ; |
| Dimensiones |
25 cm. |
| 590 ## - NOTA LOCAL (RLIN) |
| Nota local |
Inventariado, 2019/BT |
| 700 1# - PUNTO DE ACCESO ADICIONAL--NOMBRE DE PERSONA |
| Nombre de persona |
Ariza Viguera, Manuel, |
| Término indicativo de función/relación |
ed. |
| 9 (RLIN) |
69298 |
| 700 1# - PUNTO DE ACCESO ADICIONAL--NOMBRE DE PERSONA |
| Nombre de persona |
Salvador Plans, Antonio, |
| Término indicativo de función/relación |
ed. |
| 9 (RLIN) |
69299 |
| 700 1# - PUNTO DE ACCESO ADICIONAL--NOMBRE DE PERSONA |
| Nombre de persona |
Viudas Camarasa, Antonio, |
| Término indicativo de función/relación |
ed. |
| 9 (RLIN) |
69300 |
| 700 1# - PUNTO DE ACCESO ADICIONAL--NOMBRE DE PERSONA |
| Nombre de persona |
Rodríguez Ibarra, Juan Carlos, |
| Término indicativo de función/relación |
pról. |
| 9 (RLIN) |
69301 |